| 000 | 00675nam a2200205Ia 4500 | ||
|---|---|---|---|
| 003 | GCL | ||
| 005 | 20240530103820.0 | ||
| 008 | 140319s9999 xx 000 0 ara d | ||
| 040 |
_aGCL / _cGCL |
||
| 082 | 0 | 4 |
_a860.6 _bن م |
| 100 | 1 | _aناديا ظافر شعبان | |
| 245 | 1 | 0 |
_aمختارات من لوركا / _cناديا ظافر شعبان |
| 260 |
_a[ بيروت ] : _bالمؤسسة الجامعية للدراسات والنشر والتوزيع ، _c1983 |
||
| 300 |
_a186ص؛ _b24 سم |
||
| 650 | 0 | 4 | _aالادب الاسبانى |
| 650 | 0 | 4 | _aدواوين وقصائد |
| 650 | 0 | 4 | _aلوركا |
| 650 | 0 | 4 | _aالادب العالمى |
| 942 |
_2ddc _cBK |
||
| 999 |
_c42705 _d42705 |
||